[Event "Hastings Masters 2025-26"]
[Site "Hastings ENG"]
[Date "2026.01.01"]
[Round "8.6"]
[White "Gordon, Stephen J"]
[Black "Martin, Nils"]
[Result "1-0"]
[WhiteTitle "GM"]
[BlackTitle "FM"]
[WhiteElo "2465"]
[BlackElo "2222"]
[WhiteFideId "411477"]
[BlackFideId "45160473"]
[EventDate "2025.12.28"]

1. c4 c6 2. Nf3 d5 3. e3 Nf6 4. Nc3 e6 5. b3 Nbd7 6. Qc2 Bd6 7. Bb2 O-O 8. Be2
e5 9. cxd5 cxd5 10. Nb5 Bb8 11. Rc1 e4 12. Nfd4 a6 13. Ba3 Re8 14. Nc7 Bxc7 15.
Qxc7 Qxc7 16. Rxc7 Ne5 17. O-O b6 18. Rfc1 a5 19. Bd6 Bg4 20. Bb5 Nd3 21. R1c3
Rec8 22. f3 Rxc7 23. Bxc7 Bh5 24. Bxd3 exd3 25. Bxb6 Nd7 26. Bxa5 f6 27. b4 Ne5
28. f4 Nc4 29. Rxd3 Nxa5 30. Ra3 Bg4 31. Rxa5 Rxa5 32. bxa5 Bc8 33. Nb5 Kf8 34.
Nc7 Ke7 35. a6 1-0

[Event "Hastings Masters 2025-26"]
[Site "Hastings ENG"]
[Date "2026.01.01"]
[Round "8.7"]
[White "Ghimpu, Samuel-Timotei"]
[Black "Bryant, Harry"]
[Result "1-0"]
[WhiteTitle "IM"]
[BlackTitle "CM"]
[WhiteElo "2428"]
[BlackElo "2207"]
[WhiteFideId "1238175"]
[BlackFideId "489158"]
[EventDate "2025.12.28"]

1. Nf3 Nf6 2. d4 g6 3. Nbd2 d5 4. e3 Bg7 5. b4 a5 6. b5 c5 7. bxc6 Nxc6 8. Be2
O-O 9. O-O Bf5 10. c3 Ne4 11. Nxe4 Bxe4 12. a4 Qc7 13. Qb3 Rfd8 14. Ba3 Rab8 15.
Rfc1 e5 16. h3 Bf5 17. Bc5 b6 18. Ba3 Bf8 19. Bxf8 Kxf8 20. c4 Be6 21. cxd5 Bxd5
22. Qa3+ Qe7 23. Nxe5 Qxa3 24. Rxa3 Nxe5 25. dxe5 Rbc8 26. Rb1 Be4 27. Re1 Rd2
28. Bf3 Bxf3 29. gxf3 Rcc2 30. Rf1 Rc5 31. f4 g5 32. fxg5 Rxe5 33. f4 Rc5 34.
Rf2 Rd1+ 35. Kg2 Rb1 36. Rd2 Ke7 37. Rad3 Rb4 38. Rd7+ Kf8 39. Rb7 Rxa4 40. Rdd7 1-0

[Event "Hastings Masters 2025-26"]
[Site "Hastings ENG"]
[Date "2026.01.01"]
[Round "8.8"]
[White "Saunders, Aron"]
[Black "Wang, Hao(ZJ)"]
[Result "1/2-1/2"]
[BlackTitle "IM"]
[WhiteElo "2201"]
[BlackElo "2426"]
[WhiteFideId "469343"]
[BlackFideId "8631859"]
[EventDate "2025.12.28"]

1. e4 e5 2. Nf3 Nf6 3. d4 Nxe4 4. Bd3 Nc6 5. dxe5 d5 6. exd6 Nxd6 7. O-O Be7 8.
c3 Bg4 9. Bf4 Qd7 10. Nbd2 O-O-O 11. Qc2 Bf5 12. Bxf5 Qxf5 13. Qxf5+ Nxf5 14.
Rad1 h5 15. Rfe1 f6 16. h4 Bc5 17. Nf1 a5 18. Ne3 Nce7 19. Nxf5 Nxf5 20. a4 c6
21. Kf1 Rd7 22. Rxd7 Kxd7 23. g3 b6 24. Nd2 Ra8 25. Nb3 Be7 26. Rd1+ Ke6 27.
Nd4+ Nxd4 28. Rxd4 Bc5 29. Rd3 b5 30. axb5 cxb5 31. Ke2 a4 32. Be3 Bd6 33. Bd4
Rf8 34. Re3+ Kd5 35. Kd3 g6 36. Re1 f5 37. f4 Rc8 38. Re2 b4 39. cxb4 Bxb4 40.
Re5+ Kd6 41. Bf2 a3 42. bxa3 Rc3+ 43. Ke2 Rxa3 44. Kf1 Ra2 45. Re2 Ra1+ 46. Kg2
Ra6 47. Rb2 Ra4 48. Re2 Bc3 49. Rc2 Ra3 50. Re2 Kd5 51. Re8 Bf6 52. Rg8 Ra2 53.
Kf3 Ke6 54. Re8+ Kd6 55. Rg8 Ke7 56. Rb8 Ra3+ 57. Kg2 Ra6 58. Rb7+ Ke6 59. Rb6+
Rxb6 60. Bxb6 Kd5 61. Kf3 Bc3 62. Ba7 Be1 63. Bb6 Kc4 64. Ba7 Kd3 65. Bb6 Bb4
66. Ba7 Bc3 67. Bb6 Kc4 68. Ke2 Bd4 69. Bxd4 Kxd4 70. Kd2 1/2-1/2

[Event "Hastings Masters 2025-26"]
[Site "Hastings ENG"]
[Date "2026.01.01"]
[Round "8.9"]
[White "Grutter, Tim"]
[Black "Adams, Henry"]
[Result "1/2-1/2"]
[WhiteTitle "IM"]
[WhiteElo "2397"]
[BlackElo "2159"]
[WhiteFideId "1057472"]
[BlackFideId "464562"]
[EventDate "2025.12.28"]

1. e4 e5 2. Nf3 Nc6 3. Bb5 a6 4. Ba4 Nf6 5. d4 exd4 6. O-O Be7 7. e5 Ne4 8. Nxd4
O-O 9. Re1 Nc5 10. Bxc6 dxc6 11. Nc3 Re8 12. Be3 Bf8 13. f4 Ne6 14. Nf3 c5 15.
Qe2 Nd4 16. Qf2 Nxf3+ 17. Qxf3 Qh4 18. Bf2 Qg4 19. Nd5 Qxf3 20. gxf3 Rd8 21.
Nxc7 Rb8 22. Rad1 Bf5 23. c4 h5 24. b3 Rdc8 25. Nd5 b5 26. Ne3 Bh3 27. Rc1 b4
28. f5 a5 29. Bh4 g6 30. fxg6 fxg6 31. Nd5 Kf7 32. Rcd1 Rc6 33. Kf2 Bh6 34. Be7
a4 35. Bd6 Rb7 36. bxa4 Ra7 37. Re2 Be6 38. h4 Rxa4 39. Nc7 Ra3 40. Rg1 Rxc7 41.
Bxc7 Bxc4 42. e6+ Bxe6 43. Bd6 Bc4 44. Re7+ Kf6 45. Bxc5 Rxa2+ 46. Kg3 Kf5 47.
Re4 Bd5 48. Rxb4 Rc2 49. Bd6 Rc3 50. Rf1 Rd3 51. Be7 Bd2 52. Ra4 Bc6 53. Ra6
Bf4+ 54. Kg2 Rc3 55. Ra5+ Ke6 56. Bg5 Bc7 57. Raa1 Be5 58. Rac1 Bb5 59. Rfe1
Rxc1 60. Rxc1 Bd3 61. Rc6+ Kf5 62. Rc8 Ke6 63. Rd8 Bf5 64. Re8+ Kd5 65. Kf2 Bd4+
66. Ke2 Kc4 67. Rd8 Bd3+ 68. Kd2 Bf5 69. Rd6 Kc5 70. Be7 Kc4 71. Bf6 Bc5 72. Rd8
Bb6 73. Rb8 Bc5 74. Bg5 Bd4 75. Re8 Kb4 76. Ke2 Kc4 77. Rd8 Bd3+ 78. Kd2 Bf5 79.
Ke1 Kc3 80. Be7 Kc4 81. Rf8 Kd3 82. Bg5 Bb6 83. Ra8 Bd4 84. Ra3+ Kc4 85. Ke2 Bc2
86. Be3 Bf6 87. Bf2 Bb2 88. Ra8 Bd3+ 89. Kd2 Bc3+ 90. Kd1 Bf5 91. Be1 Bd4 92.
Kd2 Bc3+ 93. Ke2 Bd4 94. Ra4+ Kd5 95. Bf2 Bc3 96. Be3 Bf6 97. Kf2 Bc3 98. Kg3
Be5+ 99. Bf4 Bc3 100. Be3 Be5+ 101. f4 Bc3 102. Bf2 Bc2 103. Ra3 Bf6 104. Ra5+
Ke4 105. Rc5 Bd3 106. Be1 Bd4 107. Rg5 Be3 108. Re5+ Kd4 109. Bf2 Bxf2+ 110.
Kxf2 Bc2 111. Ra5 Ke4 112. Rc5 Bd3 113. Kg3 Ke3 114. Re5+ Be4 115. Re7 Kd4 116.
Kf2 Bc6 117. Rc7 Bd5 118. f5 gxf5 119. Rh7 Ke5 120. Rxh5 Kf6 121. Rh6+ Kg7 122.
Rd6 Bb3 123. Kg3 f4+ 124. Kxf4 Ba2 125. Kg5 Bb3 126. Rd7+ Kh8 127. Kh6 Ba2 128.
Rh7+ Kg8 129. Ra7 Bd5 130. Rd7 Be4 131. Rd8+ Kf7 132. Rd4 Bc2 133. Rg4 Bd3 134.
Rg3 Bc2 135. Rg7+ Kf8 136. Rg2 Be4 137. Rg1 Bd3 138. h5 Kf7 139. Rg7+ Kf8 140.
Rg3 Bc2 141. Rc3 Be4 142. Rc4 Bd3 143. Rd4 Bc2 144. Rd2 Bb1 145. Rd1 Bc2 146.
Rg1 Kf7 147. Rg6 Bd3 148. Rd6 Bc2 149. Rd7+ Kg8 150. Kg5 Kh8 151. Ra7 Bd3 152.
Kh6 Bc4 153. Rc7 Bd5 154. Rh7+ Kg8 155. Rd7 Be4 156. Rd8+ Kf7 157. Rd4 Bc2 158.
Rg4 Bb1 159. Rg3 Bc2 160. Rg1 Bd3 161. Rg7+ Kf8 162. Rg6 Kf7 163. Rd6 Bc2 164.
Kg5 Kg8 165. Kf6 Kh8 166. h6 Bb1 167. Rd8+ Kh7 168. Rd7+ Kh8 169. Kg5 Bc2 170.
Ra7 Bd3 171. h7 Bxh7 172. Kh6 Bg8 173. Ra8 1/2-1/2

[Event "Hastings Masters 2025-26"]
[Site "Hastings ENG"]
[Date "2026.01.01"]
[Round "8.10"]
[White "Balaji, Aaravamudhan"]
[Black "Gormally, Daniel W"]
[Result "0-1"]
[WhiteTitle "IM"]
[BlackTitle "GM"]
[WhiteElo "2270"]
[BlackElo "2396"]
[WhiteFideId "436224"]
[BlackFideId "406465"]
[EventDate "2025.12.28"]

1. d4 Nf6 2. c4 g6 3. Nc3 Bg7 4. e4 d6 5. Be2 Na6 6. h3 O-O 7. Be3 c5 8. d5 e6
9. Nf3 exd5 10. cxd5 b5 11. a3 b4 12. axb4 cxb4 13. Nb1 Nc5 14. Bxc5 dxc5 15.
Nbd2 Re8 16. Qc2 Qe7 17. O-O Nxe4 18. Nxe4 Qxe4 19. Qxc5 Bxh3 20. Rfe1 Rec8 21.
Qd6 Bxb2 22. Ba6 Qg4 23. Qh2 Bxa1 24. Bxc8 Rxc8 25. Rxa1 b3 26. Qxh3 Qxh3 27.
gxh3 b2 28. Rf1 Rc1 29. Nd2 Kf8 30. f4 a5 31. Nb1 a4 32. d6 Ke8 33. Na3 Ra1 34.
Rb1 Rxa3 35. Rxb2 Rxh3 36. Kf2 0-1

[Event "Hastings Masters 2025-26"]
[Site "Hastings ENG"]
[Date "2026.01.01"]
[Round "8.11"]
[White "Vaidyanathan, Adithya"]
[Black "Badacsonyi, Stanley"]
[Result "1-0"]
[BlackTitle "FM"]
[WhiteElo "2189"]
[BlackElo "2317"]
[WhiteFideId "495450"]
[BlackFideId "486973"]
[EventDate "2025.12.28"]

1. d4 Nf6 2. c4 g6 3. Nc3 Bg7 4. e4 d6 5. Nf3 O-O 6. h3 e5 7. d5 Nh5 8. g3 f5 9.
exf5 gxf5 10. Nh4 Nf4 11. gxf4 Qxh4 12. fxe5 dxe5 13. Rg1 h6 14. c5 Nd7 15. c6
bxc6 16. dxc6 Nf6 17. Nb5 Rb8 18. Nxc7 Kh7 19. Bg2 Ne4 20. Qc2 Rd8 21. Bxe4
Qxe4+ 22. Qxe4 fxe4 23. Ne6 Bxe6 24. c7 Bxh3 25. Be3 Rdc8 26. cxb8=Q Rxb8 27.
O-O-O Be6 28. Rd6 Rc8+ 29. Kb1 Bf5 30. Ra6 Rc7 31. Rh1 Bg6 32. b4 Rb7 33. a3 h5
34. Kb2 Rd7 35. Rxa7 1-0

[Event "Hastings Masters 2025-26"]
[Site "Hastings ENG"]
[Date "2026.01.01"]
[Round "8.12"]
[White "Kalavannan, Koby"]
[Black "Ward, Cian"]
[Result "1-0"]
[WhiteTitle "FM"]
[WhiteElo "2275"]
[BlackElo "1947"]
[WhiteFideId "425753"]
[BlackFideId "475599"]
[EventDate "2025.12.28"]

1. Nf3 Nf6 2. d4 e6 3. g3 Be7 4. Bg2 O-O 5. c4 d5 6. O-O dxc4 7. Qc2 a6 8. a4
Bd7 9. Qxc4 Bc6 10. Bg5 Nbd7 11. Nc3 Nb6 12. Qd3 Nbd5 13. Ne5 Nxc3 14. Nxc6
Nxe2+ 15. Qxe2 bxc6 16. Bxc6 Rb8 17. Rfd1 Nd5 18. Bxe7 Nxe7 19. Be4 a5 20. Rac1
Rb4 21. Rc5 c6 22. b3 h6 23. Bc2 Rxd4 24. Rxd4 Qxd4 25. Rxa5 Nd5 26. Qd3 Qxd3
27. Bxd3 Rb8 28. Ra7 Kf8 29. Bc4 Nb6 30. Ba6 Nc8 31. Bxc8 Rxc8 32. a5 Rb8 33.
Rc7 Ra8 34. b4 Ra6 35. Kf1 Ke8 36. Ke2 Kd8 37. Rxf7 c5 38. bxc5 Rxa5 39. c6 Rc5
40. Rxg7 Rxc6 41. Rg6 h5 42. Rh6 Rc5 43. Rxe6 h4 44. Rh6 1-0

[Event "Hastings Masters 2025-26"]
[Site "Hastings ENG"]
[Date "2026.01.01"]
[Round "8.13"]
[White "Mazur, Stefan"]
[Black "Lee, Younggyu"]
[Result "1-0"]
[WhiteTitle "IM"]
[WhiteElo "2392"]
[BlackElo "1892"]
[WhiteFideId "14909332"]
[BlackFideId "13227378"]
[EventDate "2025.12.28"]

1. e4 e5 2. Nf3 Nc6 3. Bb5 a6 4. Ba4 Nf6 5. O-O Be7 6. Re1 b5 7. Bb3 O-O 8. c3
d6 9. h3 Na5 10. Bc2 c5 11. d4 cxd4 12. cxd4 Nc6 13. Nc3 Bd7 14. b3 Re8 15. Bb2
Bf8 16. Qd2 exd4 17. Nxd4 b4 18. Nd5 Nxd5 19. Nxc6 Bxc6 20. exd5 Rxe1+ 21. Rxe1
Bd7 22. Qxb4 Qg5 23. Qe4 f5 24. Qd4 Rc8 25. Bd3 Qd2 26. Re7 Rc1+ 27. Kh2 1-0

[Event "Hastings Masters 2025-26"]
[Site "Hastings ENG"]
[Date "2026.01.01"]
[Round "8.14"]
[White "Skytte, Rasmus"]
[Black "Yoon, Jacob D"]
[Result "1/2-1/2"]
[WhiteTitle "IM"]
[BlackTitle "CM"]
[WhiteElo "2354"]
[BlackElo "2165"]
[WhiteFideId "1404210"]
[BlackFideId "446076"]
[EventDate "2025.12.28"]

1. e4 c5 2. Nc3 Nc6 3. f4 e6 4. Nf3 d5 5. Bb5 Nf6 6. Qe2 Be7 7. Bxc6+ bxc6 8. d3
O-O 9. O-O Rb8 10. b3 Re8 11. Kh1 Nd7 12. Bb2 Nb6 13. Rad1 Qc7 14. e5 c4 15.
dxc4 Nxc4 16. Ba1 Nb6 17. Qd3 Nd7 18. Na4 Nf8 19. Bd4 c5 20. Bf2 Qc6 21. Rfe1
Ba6 22. Qd2 Red8 23. Nc3 Bb7 24. Ne2 Rd7 25. Ng3 g6 26. Nf1 Rbd8 27. Bh4 Bxh4
28. Nxh4 d4 29. Ng3 Qa6 30. Qd3 1/2-1/2

[Event "Hastings Masters 2025-26"]
[Site "Hastings ENG"]
[Date "2026.01.01"]
[Round "8.15"]
[White "Southcott-Moyers, Indy"]
[Black "Hill, Alistair"]
[Result "1/2-1/2"]
[WhiteTitle "FM"]
[WhiteElo "2266"]
[BlackElo "2104"]
[WhiteFideId "488542"]
[BlackFideId "432407"]
[EventDate "2025.12.28"]

1. d4 Nf6 2. c4 g6 3. g3 c6 4. Bg2 d5 5. Qa4 Nfd7 6. cxd5 Nb6 7. Qd1 cxd5 8. Nf3
Nc6 9. O-O Bg7 10. b3 O-O 11. a4 Bg4 12. Bb2 Nd7 13. Nc3 Bxf3 14. Bxf3 Nxd4 15.
Bxd5 e6 16. Bg2 Nc5 17. b4 Ncb3 18. e3 Nxa1 19. exd4 Qxd4 20. Qxd4 Bxd4 21. Bxa1
Rac8 22. Nd5 Rc4 23. Nf6+ Kg7 24. Nd7 Rd8 25. Nc5 Bxa1 26. Rxa1 Rxb4 27. Nxb7
Rb8 28. Nc5 Rb1+ 29. Rxb1 Rxb1+ 30. Bf1 Rc1 31. Na6 Ra1 32. Nc5 Rc1 33. Nb7 Rb1
34. Nc5 1/2-1/2

[Event "Hastings Masters 2025-26"]
[Site "Hastings ENG"]
[Date "2026.01.01"]
[Round "8.16"]
[White "Hobson, Kenneth"]
[Black "White, Stuart A"]
[Result "1/2-1/2"]
[WhiteTitle "FM"]
[WhiteElo "2264"]
[BlackElo "2072"]
[WhiteFideId "480819"]
[BlackFideId "407747"]
[EventDate "2025.12.28"]

1. e4 c5 2. Nf3 d6 3. d4 cxd4 4. Nxd4 Nf6 5. Nc3 Nc6 6. Bg5 e6 7. Qd3 Bd7 8.
O-O-O a6 9. Qg3 Rc8 10. Kb1 Be7 11. Nxc6 Rxc6 12. Bxf6 Bxf6 13. Rxd6 Bxc3 14.
Rxc6 Bxc6 15. bxc3 Qd1+ 16. Kb2 O-O 17. Qe3 Rd8 18. Qc1 Bxe4 19. f3 Bc6 20. Bd3
Qxc1+ 21. Rxc1 g5 22. c4 Kg7 23. Kc3 f5 24. h4 Kf6 25. Rh1 h5 26. hxg5+ Kxg5 27.
Re1 Kf6 28. Rh1 Rh8 29. Kd2 e5 30. Ke3 Kg5 31. g3 Re8 32. Be2 f4+ 33. gxf4+
exf4+ 34. Kf2 Re3 35. Rg1+ Kf6 36. Rh1 Re5 37. Rd1 Rg5 38. Rd6+ Ke5 39. Rh6 Kd4
40. Rf6 Ke5 41. Rh6 Kd4 1/2-1/2

[Event "Hastings Masters 2025-26"]
[Site "Hastings ENG"]
[Date "2026.01.01"]
[Round "8.17"]
[White "Verbin, Valentina"]
[Black "Lau, Lut Yin Luke"]
[Result "1/2-1/2"]
[WhiteTitle "WFM"]
[BlackTitle "CM"]
[WhiteElo "2122"]
[BlackElo "2243"]
[WhiteFideId "13905910"]
[BlackFideId "6002226"]
[EventDate "2025.12.28"]

1. d4 Nf6 2. c4 e6 3. g3 d5 4. Bg2 dxc4 5. Qa4+ Nbd7 6. Qxc4 c5 7. Nf3 a6 8. Qc2
b5 9. Ne5 Nd5 10. Nc3 Nxe5 11. Nxd5 exd5 12. dxe5 Bb7 13. O-O Be7 14. h4 O-O 15.
Rd1 Qd7 16. Bg5 Bxg5 17. hxg5 Rac8 18. Bxd5 Bxd5 19. e4 Bxe4 20. Qxe4 Qe7 1/2-1/2

[Event "Hastings Masters 2025-26"]
[Site "Hastings ENG"]
[Date "2026.01.01"]
[Round "8.18"]
[White "Sivanandan, Bodhana"]
[Black "Tudoroiu, Razvan-Catalin"]
[Result "1/2-1/2"]
[WhiteTitle "WIM"]
[WhiteElo "2229"]
[BlackElo "2063"]
[WhiteFideId "497592"]
[BlackFideId "1281100"]
[EventDate "2025.12.28"]

1. e4 e6 2. d4 d5 3. Nd2 c5 4. exd5 Qxd5 5. Ngf3 cxd4 6. Bc4 Qd6 7. O-O Nf6 8.
Nb3 Nc6 9. Nbxd4 a6 10. Re1 Bd7 11. c3 Nxd4 12. Qxd4 Qxd4 13. Nxd4 Be7 14. Be3
O-O 15. Rad1 Rac8 16. Bb3 Rfd8 17. Nf3 Be8 18. Ne5 Rxd1 19. Rxd1 Rd8 20. Rxd8
Bxd8 21. h3 Bc7 22. Nd3 Bc6 23. f3 Nd5 24. Bxd5 Bxd5 25. Nb4 Bc4 26. b3 Bb5 27.
c4 Bd7 28. Kf2 f6 29. Ke2 Kf7 30. Kd3 Ba5 31. Nc2 e5 32. g4 Bc6 33. Ke2 Ke6 34.
Bc5 Be8 35. Ne3 Bg6 36. a4 Bc7 37. Kd2 Bb8 38. Nd5 f5 39. Nc3 f4 40. Ne4 Bxe4
41. fxe4 Bd6 42. Bf2 Bb4+ 43. Kd3 Kd6 44. Ke2 Kc6 45. Bh4 a5 46. Kd3 Bc5 47. Be1
Bb4 48. Bh4 Bc5 49. Be1 Bb4 1/2-1/2

[Event "Hastings Masters 2025-26"]
[Site "Hastings ENG"]
[Date "2026.01.01"]
[Round "8.19"]
[White "Verbytski, Oleg"]
[Black "Zhang, Junyi"]
[Result "1-0"]
[BlackTitle "CM"]
[WhiteElo "2039"]
[BlackElo "2172"]
[WhiteFideId "495506"]
[BlackFideId "494437"]
[EventDate "2025.12.28"]

1. e4 c5 2. Nf3 e6 3. d4 cxd4 4. Nxd4 Nf6 5. Nc3 Nc6 6. Ndb5 Bc5 7. Bf4 O-O 8.
Bc7 Qe7 9. Bd6 Bxd6 10. Qxd6 Qd8 11. O-O-O a6 12. Nd4 Ne7 13. h4 b5 14. Nb3 Ne8
15. Qd2 Qc7 16. h5 h6 17. g4 d6 18. Bd3 Bb7 19. g5 hxg5 20. Qxg5 b4 21. Ne2 a5
22. Nbd4 Ba6 23. Bxa6 Rxa6 24. h6 g6 25. Nf4 Qb7 26. h7+ Kh8 27. Ndxe6 fxe6 28.
Qxe7 Qxe7 29. Nxg6+ Kg7 30. Nxe7 Kf7 31. Ng8 Rxg8 32. hxg8=Q+ Kxg8 33. Rdg1+ Kf8
34. Rh8+ Kf7 35. Rh7+ Kf8 36. Rg6 Rc6 37. Rxe6 Ng7 38. Rg6 Ne8 39. e5 1-0

[Event "Hastings Masters 2025-26"]
[Site "Hastings ENG"]
[Date "2026.01.01"]
[Round "8.21"]
[White "Janse, Jan Jaap"]
[Black "Liu, Yiyi"]
[Result "0-1"]
[WhiteElo "2170"]
[BlackElo "1791"]
[WhiteFideId "1010344"]
[BlackFideId "8617171"]
[EventDate "2025.12.28"]

1. d4 d5 2. c4 c5 3. cxd5 Qxd5 4. Nf3 cxd4 5. Nc3 Qa5 6. Nxd4 Nf6 7. g3 e5 8.
Nb3 Qc7 9. Bg5 Bb4 10. Bxf6 Bxc3+ 11. bxc3 gxf6 12. Qd2 Qc6 13. O-O-O O-O 14.
Rg1 Be6 15. Bg2 Qb6 16. Qd6 Nc6 17. Qc5 Qa6 18. Kb2 Bxb3 19. axb3 Qxe2+ 20. Kb1
Rfd8 21. Bd5 Nd4 22. cxd4 Rac8 23. Qa5 Qc2+ 24. Ka1 Rxd5 25. Qxd5 Rc6 26. Qxc6
bxc6 27. dxe5 fxe5 28. Rd8+ Kg7 29. Rgd1 Qxb3 30. R8d3 Qc2 31. R1d2 Qc1+ 32. Ka2
c5 33. Rb2 Qc4+ 34. Rdb3 Kg6 35. Kb1 Qe4+ 36. Ka2 f6 37. Rc3 Qa4+ 38. Kb1 Qd1+
39. Ka2 Qd5+ 40. Ka3 Qh1 41. h4 Qa1+ 42. Kb3 a5 43. Rc4 Kf5 44. Ra2 Qb1+ 45. Rb2
Qd3+ 0-1

[Event "Hastings Masters 2025-26"]
[Site "Hastings ENG"]
[Date "2026.01.01"]
[Round "8.22"]
[White "Demac, Elias"]
[Black "Ortiz Sanchez, Luis"]
[Result "1-0"]
[WhiteElo "2230"]
[BlackElo "2007"]
[WhiteFideId "1505807"]
[BlackFideId "24581160"]
[EventDate "2025.12.28"]

1. d4 d6 2. c4 e5 3. d5 Nd7 4. Nc3 a5 5. g3 Nc5 6. Bg2 b6 7. e4 Be7 8. Nge2 Bg5
9. f4 exf4 10. gxf4 Bh6 11. O-O Qh4 12. Nb5 Kd8 13. e5 Nb7 14. Be3 Qe7 15. Ned4
Bd7 16. Nc6+ Bxc6 17. dxc6 Nc5 18. Bxc5 bxc5 19. exd6 1-0

[Event "Hastings Masters 2025-26"]
[Site "Hastings ENG"]
[Date "2026.01.01"]
[Round "8.23"]
[White "Kendall, Arthur"]
[Black "Kapechun, Mikhailo"]
[Result "0-1"]
[WhiteElo "2000"]
[BlackElo "2184"]
[WhiteFideId "343410960"]
[BlackFideId "34147527"]
[EventDate "2025.12.28"]

1. d4 Nf6 2. Nf3 g6 3. c4 Bg7 4. Nc3 d5 5. Qb3 dxc4 6. Qxc4 O-O 7. e4 b6 8. Qb3
Bb7 9. Qc2 Nc6 10. d5 Nb4 11. Qa4 a5 12. Bb5 e6 13. dxe6 fxe6 14. Bg5 Nd3+ 15.
Bxd3 Qxd3 16. Ne5 Qd6 17. Nc4 Qb4 18. f3 Ba6 19. Na3 Qxb2 20. Rc1 Qxg2 0-1

[Event "Hastings Masters 2025-26"]
[Site "Hastings ENG"]
[Date "2026.01.01"]
[Round "8.24"]
[White "Blanquet, Camille"]
[Black "Rubeck, Jonathan"]
[Result "1-0"]
[WhiteTitle "WFM"]
[WhiteElo "2132"]
[BlackElo "1913"]
[WhiteFideId "36037354"]
[BlackFideId "435678"]
[EventDate "2025.12.28"]

1. d4 Nf6 2. c4 g6 3. Nc3 d5 4. Nf3 Bg7 5. Bg5 dxc4 6. e4 O-O 7. Bxc4 c5 8. d5
h6 9. Bh4 a6 10. a4 Re8 11. O-O Nbd7 12. h3 Nh5 13. d6 Bf6 14. Bxf6 exf6 15. Qd2
Kg7 16. g4 Ne5 17. Nxe5 fxe5 18. gxh5 Bxh3 19. Rfe1 gxh5 20. Re3 Bg4 21. Rg3 Kh7
22. Qd5 Re6 23. Qxb7 Rf6 24. Nd5 Rxd6 25. Qxf7+ Kh8 26. Ne7 Qb6 27. Rb3 Qd8 28.
Ng6+ Rxg6 29. Qxg6 Qf8 30. Rb7 1-0

[Event "Hastings Masters 2025-26"]
[Site "Hastings ENG"]
[Date "2026.01.01"]
[Round "8.25"]
[White "Vaddhireddy, Sai"]
[Black "Rida, Ruqayyah"]
[Result "0-1"]
[BlackTitle "WFM"]
[WhiteElo "1960"]
[BlackElo "2068"]
[WhiteFideId "499560"]
[BlackFideId "343272375"]
[EventDate "2025.12.28"]

1. d4 Nf6 2. c4 g6 3. g3 Bg7 4. Bg2 O-O 5. Nc3 d6 6. Nf3 c5 7. dxc5 dxc5 8. Ne5
Nbd7 9. Nxd7 Bxd7 10. O-O Qc7 11. Qb3 Bc6 12. Nd5 Bxd5 13. cxd5 Rad8 14. Bf4 Qc8
15. e4 Nd7 16. Bh3 c4 17. Qb4 Qc5 18. Qxc5 Nxc5 19. Bc7 Rc8 20. Bxc8 Rxc8 21.
Bf4 Bxb2 22. Rad1 c3 23. e5 c2 24. Rde1 Nd3 25. d6 exd6 26. exd6 Nxe1 27. d7 Rd8
28. Rxe1 Rxd7 0-1

[Event "Hastings Masters 2025-26"]
[Site "Hastings ENG"]
[Date "2026.01.01"]
[Round "8.26"]
[White "Patel, Zain"]
[Black "Siddharth, Gopakumar"]
[Result "1/2-1/2"]
[WhiteElo "2058"]
[BlackElo "1864"]
[WhiteFideId "469246"]
[BlackFideId "5053463"]
[EventDate "2025.12.28"]

1. Nf3 d5 2. d4 Nf6 3. e3 g6 4. c4 c6 5. Nc3 Bg7 6. Bd3 O-O 7. O-O dxc4 8. Bxc4
Bg4 9. h3 Bxf3 10. Qxf3 Nbd7 11. Rd1 e5 12. d5 e4 13. Nxe4 Nxe4 14. Qxe4 Nb6 15.
d6 Re8 16. Qc2 Nxc4 17. Qxc4 Re6 18. d7 Qc7 19. Qb3 Rd8 1/2-1/2

[Event "Hastings Masters 2025-26"]
[Site "Hastings ENG"]
[Date "2026.01.01"]
[Round "8.27"]
[White "Pai, Sidhanth"]
[Black "Clarke, Connor"]
[Result "1/2-1/2"]
[WhiteElo "1842"]
[BlackElo "2058"]
[WhiteFideId "343111937"]
[BlackFideId "457655"]
[EventDate "2025.12.28"]

1. e4 e6 2. d4 d5 3. Nd2 h6 4. c3 c5 5. Ngf3 Nf6 6. exd5 exd5 7. h3 Nc6 8. Bb5
Qe7+ 9. Be2 Be6 10. dxc5 Qxc5 11. Nb3 Qd6 12. Be3 Ne4 13. Nbd4 Be7 14. O-O O-O
15. Re1 Rad8 16. Qa4 Bd7 17. Qc2 Qg6 18. Nxc6 bxc6 19. Ne5 Qf5 20. Nxd7 Qxd7 21.
Bf3 Ng5 22. Be2 Bd6 23. Bd3 Rde8 24. Bf5 Qe7 25. f4 Ne6 26. Qa4 Qf6 27. Qxc6
Nxf4 28. Bxf4 Rxe1+ 29. Rxe1 Bxf4 30. Qxf6 gxf6 31. Rd1 Rb8 32. b3 Rb5 33. Bd3
Rb7 34. Kf2 Re7 35. Be2 Rc7 36. c4 dxc4 37. Bxc4 Kg7 38. Kf3 Be5 39. Rd2 a5 40.
a4 Bc3 41. Rd5 Re7 42. Rd3 Bb4 43. Rd5 Be1 44. Rd4 Bc3 45. Rg4+ Kf8 46. Rh4 Bd2
47. Re4 Rd7 48. Re2 Bc3 49. Bb5 Rd8 50. Rc2 Be5 51. Rc6 Ke7 52. Bc4 Ra8 53. Rb6
Ra7 54. Bd5 Rd7 55. Bc4 Ra7 56. Rb5 Bc3 57. Ke2 Kf8 58. Kd3 Bb4 59. Ke4 Re7+ 60.
Kf3 Kg7 61. Rd5 Be1 62. Rd1 Bc3 63. Rd3 Bb4 64. Rd5 Be1 65. Rd1 h5 66. Rd5 h4
67. Rd4 Bg3 68. Rg4+ Kh6 69. Rd4 Kg7 70. Rd5 Be1 71. Rd3 Kg6 72. Re3 Re5 73. Re4
Rf5+ 74. Rf4 Rg5 75. Rg4 Kg7 76. Kf4 Bg3+ 77. Kf3 Kf8 78. Rxg5 fxg5 79. Kg4 f6
80. Kf5 Ke7 81. Bd5 Kd6 82. Bc4 Be5 83. Ke4 Kc5 84. Be6 Kb4 85. Kd3 Ba1 86. Ke4
Kc3 87. Ke3 Bb2 88. Ke4 Kd2 89. Bg4 Be5 90. Be6 Ke2 91. Kf5 Ke3 92. Bd5 Kd4 93.
Bc4 Kc5 94. Ke4 Bb2 95. Be6 Bc3 96. Bc4 Kd6 97. Kf5 Kc5 98. Ke4 Kb4 99. Kf5 Bd4
100. Ke4 Kc3 101. Be6 Bb6 102. Bc4 Kd2 103. Bd5 Bd8 104. Kf5 Ke3 105. Bc4 Kd4
106. Be6 Kc5 107. Bc4 Kd6 108. Bf1 Be7 109. Bc4 Kc5 110. Ke6 Bd8 111. Kd7 Bb6 1/2-1/2

[Event "Hastings Masters 2025-26"]
[Site "Hastings ENG"]
[Date "2026.01.01"]
[Round "8.28"]
[White "Ruane, Brendan J"]
[Black "Skytte, Robert"]
[Result "0-1"]
[BlackTitle "CM"]
[WhiteElo "1857"]
[BlackElo "2050"]
[WhiteFideId "430218"]
[BlackFideId "1471775"]
[EventDate "2025.12.28"]

1. e4 c5 2. Nc3 Nc6 3. Bc4 g6 4. d3 Bg7 5. Nge2 e6 6. a3 Nge7 7. Nf4 O-O 8. h4
Ne5 9. Ba2 N7c6 10. h5 Nd4 11. hxg6 fxg6 12. Nh3 Qf6 13. f4 Qh4+ 14. Nf2 Qg3 15.
Kf1 g5 16. Rh3 gxf4 17. Rxg3 fxg3 18. Be3 Bh6 19. Bxh6 Rxf2+ 20. Kg1 Ndf3+ 21.
Kh1 Ng4 22. Bf4 h5 23. Bxg3 h4 24. Bxf2 Nxf2# 0-1